000 00601nam a2200229 a 4500
003 AR-BaBNM
005 20251128202748.0
008 082120s2002 ||||||||||||||000 | spa||
040 _cAR-BaBNM
100 1 _aGarcía Mellid, Atilio
245 0 0 _aEtapas de la revolución argentina
260 _aBuenos Aires
_bHechos e ideas
_c1950
300 _a61 p.
600 1 4 _aPerón, Juan Domingo
_d1946-1951
650 4 _aREVOLUCION DE 1943
650 4 _aHISTORIA POLITICA
650 4 _aREFORMA AGRARIA
650 4 _aHISTORIA ECONOMICA
650 4 _aHISTORIA SOCIAL
942 _cBK
998 _cmariana
999 _c449
_d449